[Event "OL SüD WEST 1718 SV Worms - SG Trier"]
[Site "?"]
[Date "2017.09.10"]
[Round "1.8"]
[White "Martin, Mike"]
[Black "Scholtes, Benedikt"]
[Result "0-1"]
[WhiteElo "2132"]
[BlackElo "2048"]
[PlyCount "56"]
[EventDate "2017.??.??"]

1. e4 d5 2. exd5 Qxd5 3. Nc3 Qa5 4. Bc4 Nf6 5. d4 Nc6 6. Nge2 Bg4 7. f3 Bf5 8.
Bd2 O-O-O 9. Nd5 Qa4 10. Bb3 Qa6 11. Ne3 Bg6 12. Bc4 Qb6 13. c3 e5 14. Qb3 exd4
15. Nxd4 Nxd4 16. cxd4 Qxd4 17. Rd1 Bc5 18. Bc1 Qh4+ 19. g3 Qh5 20. Rxd8+ Rxd8
21. O-O Nd7 22. Kg2 Ne5 23. g4 Qh4 24. Be2 Nd3 25. Nd5 Nxc1 26. Rxc1 Qf2+ 27.
Kh3 Qxe2 28. Rxc5 Qf1+ 0-1

[Event "OL SüD WEST 1718 SK Landau - Caissa Sch"]
[Site "?"]
[Date "2017.09.10"]
[Round "1.1"]
[White "Frischmann, Rick"]
[Black "Lang, Torsten"]
[Result "1-0"]
[WhiteElo "2333"]
[BlackElo "2327"]
[PlyCount "95"]
[EventDate "2017.??.??"]

1. e4 g6 2. d4 c6 3. Nc3 d5 4. h3 Bg7 5. Nf3 Nf6 6. e5 Ne4 7. Nxe4 dxe4 8. Ng5
c5 9. Bc4 O-O 10. c3 cxd4 11. cxd4 Nc6 12. Be3 Qa5+ 13. Kf1 h6 14. Nxe4 Rd8 15.
Qf3 Bf5 16. Bxf7+ Kxf7 17. g4 Nxd4 18. Bxd4 Rxd4 19. gxf5 Qxe5 20. fxg6+ Kxg6
21. Re1 Rf8 22. Qe2 Qf5 23. Rg1+ Kh7 24. Rg4 Rd7 25. Ng3 Qf7 26. Nh5 Bd4 27.
Rf4 Qxf4 28. Nxf4 Rxf4 29. Qd3+ Kh8 30. Re2 e5 31. Qg6 Rdf7 32. Qxh6+ Kg8 33.
b4 Rxf2+ 34. Rxf2 Rxf2+ 35. Ke1 Rb2 36. a3 b6 37. Qe6+ Kg7 38. Qe7+ Kg6 39.
Qe6+ Kg5 40. Qg4+ Kf6 41. h4 a5 42. bxa5 bxa5 43. h5 Rb1+ 44. Ke2 Rg1 45. Qd7
Kg5 46. Qh7 Rh1 47. Qg6+ Kh4 48. Qe4+ 1-0

[Event "OL SüD WEST 1718 SK Landau - Caissa Sch"]
[Site "?"]
[Date "2017.09.10"]
[Round "1.2"]
[White "Silber, Henning"]
[Black "Fries, Frederik"]
[Result "1/2-1/2"]
[WhiteElo "2301"]
[BlackElo "2297"]
[PlyCount "63"]
[EventDate "2017.??.??"]

1. e4 c5 2. c3 Nf6 3. e5 Nd5 4. Nf3 Nc6 5. Bc4 Nb6 6. Bb3 c4 7. Bc2 d6 8. exd6
Qxd6 9. O-O Bg4 10. d4 cxd3 11. Bxd3 O-O-O 12. Bc2 Qxd1 13. Rxd1 Rxd1+ 14. Bxd1
f6 15. h3 Bd7 16. a4 e5 17. Nbd2 Be6 18. Bb3 Nd5 19. Nc4 Be7 20. Ne3 Rd8 21.
Nxd5 Bxd5 22. Bxd5 Rxd5 23. Be3 f5 24. g3 Bf6 25. Nd2 g5 26. Nc4 Rd3 27. Kf1 e4
28. Ke2 h6 29. Rd1 Rxd1 30. Kxd1 Kd7 31. g4 fxg4 32. hxg4 1/2-1/2

[Event "OL SüD WEST 1718 SK Landau - Caissa Sch"]
[Site "?"]
[Date "2017.09.10"]
[Round "1.4"]
[White "Vogel, Johannes"]
[Black "Mueller, Reinhold"]
[Result "0-1"]
[WhiteElo "2124"]
[BlackElo "2263"]
[PlyCount "124"]
[EventDate "2017.??.??"]

1. d4 Nf6 2. c4 c5 3. d5 e6 4. Nc3 exd5 5. cxd5 d6 6. e4 g6 7. Bd3 Bg7 8. h3
O-O 9. Nf3 b5 10. Bxb5 Nxe4 11. Nxe4 Qa5+ 12. Nfd2 Qxb5 13. Nxd6 Qa6 14. N2c4
Nd7 15. O-O Ne5 16. Nxc8 Qxc4 17. Ne7+ Kh8 18. Be3 Nd3 19. Qg4 Qxg4 20. hxg4
Rad8 21. Rad1 Nxb2 22. Rd2 Nc4 23. Rc2 Nxe3 24. fxe3 Rd7 25. Nc6 Rxd5 26. Nxa7
Bh6 27. Rf3 Kg7 28. Nc6 Re8 29. Kf2 Re4 30. Rb2 Rd3 31. Rb7 Bxe3+ 32. Ke2 Rd2+
33. Kf1 Bf4 34. g3 Rc4 35. Rb1 Bg5 36. Ne5 Rcc2 37. Rxf7+ Kh6 38. Rf3 Be7 39.
Re1 Rh2 40. Kg1 Rcg2+ 41. Kf1 Rxa2 42. Kg1 Rhe2 43. Kf1 Rh2 44. Kg1 Rag2+ 45.
Kf1 Rh1+ 46. Kxg2 Rxe1 47. Nd3 Re2+ 48. Kh3 c4 49. Nf4 Re5 50. Rc3 Rc5 51. Rc2
Bf6 52. Rh2 Rc6 53. Kg2+ Kg7 54. Kf3 c3 55. Rc2 Bg5 56. Ke4 Bxf4 57. gxf4 Kf6
58. Kd3 h5 59. gxh5 gxh5 60. Ke4 h4 61. f5 h3 62. Kf3 Rc8 0-1

[Event "OL SüD WEST 1718 SK Landau - Caissa Sch"]
[Site "?"]
[Date "2017.09.10"]
[Round "1.5"]
[White "Holle, Cedric"]
[Black "Lang, Matthias"]
[Result "0-1"]
[WhiteElo "2096"]
[BlackElo "2158"]
[PlyCount "78"]
[EventDate "2017.??.??"]

1. e4 c5 2. Nf3 Nc6 3. d4 cxd4 4. Nxd4 Nf6 5. Nc3 e5 6. Ndb5 d6 7. Bg5 a6 8.
Na3 b5 9. Nd5 Be7 10. Bxf6 Bxf6 11. c4 b4 12. Nc2 Rb8 13. b3 g6 14. Qf3 Bg7 15.
h4 h5 16. Qd3 O-O 17. Be2 a5 18. Rd1 Nd4 19. Nxd4 exd4 20. Qg3 Qd7 21. O-O Qe6
22. Bd3 Rb7 23. Rde1 Qg4 24. Qh2 Qe6 25. f4 Qe8 26. Qg3 Qd8 27. f5 Be5 28. Qf2
Kg7 29. Re2 Bd7 30. g3 Be8 31. f6+ Kh7 32. g4 Qc8 33. g5 Qg4+ 34. Qg2 Qxh4 35.
Rd2 Bd7 36. Rf3 Bg4 37. Rdf2 Qxg5 38. Rf1 Qh4 39. Be2 Bxf3 0-1

[Event "OL SüD WEST 1718 SK Landau - Caissa Sch"]
[Site "?"]
[Date "2017.09.10"]
[Round "1.6"]
[White "Silber, Gerhard"]
[Black "Oberhofer, Andre"]
[Result "1-0"]
[WhiteElo "2219"]
[BlackElo "2280"]
[PlyCount "67"]
[EventDate "2017.??.??"]

1. d4 Nf6 2. Bg5 Ne4 3. Bf4 d5 4. Nd2 e6 5. Nxe4 dxe4 6. f3 Bd6 7. Bxd6 Qxd6 8.
fxe4 Qb4+ 9. Kf2 Qxb2 10. e3 O-O 11. Bd3 e5 12. Nf3 exd4 13. exd4 c5 14. d5 Bg4
15. Qb1 Qf6 16. e5 Qf4 17. Qb2 Bxf3 18. gxf3 c4 19. Be4 Nd7 20. Qd4 f5 21. exf6
Nxf6 22. Rae1 Qh4+ 23. Ke2 Kh8 24. Qxc4 Rac8 25. Qd3 Nxe4 26. fxe4 Rf2+ 27. Kd1
Qh5+ 28. Re2 Rf3 29. Qd4 Rfc3 30. Rg1 Qf7 31. Rf2 Qh5+ 32. Ke1 Qh6 33. Qxc3 Re8
34. Kd1 1-0

[Event "OL SüD WEST 1718 SK Landau - Caissa Sch"]
[Site "?"]
[Date "2017.09.10"]
[Round "1.7"]
[White "Tabatt, Hendrik"]
[Black "Moeldner, Juergen"]
[Result "1-0"]
[WhiteElo "2318"]
[BlackElo "2202"]
[PlyCount "57"]
[EventDate "2017.??.??"]

1. Nf3 Nf6 2. c4 c5 3. Nc3 Nc6 4. d4 cxd4 5. Nxd4 g6 6. Nc2 Bg7 7. e4 d6 8. Be2
O-O 9. O-O Bd7 10. Be3 Rc8 11. f3 Ne5 12. b3 a6 13. Nd5 Nxd5 14. exd5 f5 15. f4
Ng4 16. Bd4 Bxd4+ 17. Qxd4 Nf6 18. Rfc1 Qc7 19. b4 b6 20. Qe3 a5 21. a3 Kf7 22.
Nd4 axb4 23. axb4 Ra8 24. Rab1 Rfc8 25. Bf3 Ra2 26. Nc6 Re8 27. c5 bxc5 28.
bxc5 dxc5 29. Qb3 1-0

[Event "OL SüD WEST 1718 SK Landau - Caissa Sch"]
[Site "?"]
[Date "2017.09.10"]
[Round "1.8"]
[White "Koehler, Patrick"]
[Black "Grewenig, Jan"]
[Result "1/2-1/2"]
[WhiteElo "2096"]
[BlackElo "2089"]
[PlyCount "83"]
[EventDate "2017.??.??"]

1. d4 Nf6 2. c4 c5 3. d5 b5 4. cxb5 a6 5. b6 d6 6. Nc3 g6 7. e4 Bg7 8. Nf3 O-O
9. a4 Qxb6 10. a5 Qb4 11. Ra4 Qb7 12. Ra3 Bd7 13. Bc4 Qb4 14. Nd2 Bh6 15. Qe2
Bb5 16. Bxb5 axb5 17. O-O c4 18. e5 Bxd2 19. Bxd2 dxe5 20. Qxe5 Nbd7 21. Qd4
Qc5 22. Qxc5 Nxc5 23. Nxb5 Rfb8 24. Nc3 Rxb2 25. Be3 Nb3 26. a6 Rc2 27. Nb5
Nxd5 28. Rd1 Rb2 29. h4 Nxe3 30. fxe3 Nc5 31. Nc7 Ra7 32. Rd8+ Kg7 33. Rc8 Rb3
34. Ra5 Nd7 35. Nb5 Rxa6 36. Rxa6 Rxb5 37. Rxc4 Rb7 38. Ra3 h5 39. Rca4 Ne5 40.
Kh2 e6 41. Kg3 Ng4 42. Kf3 1/2-1/2

[Event "OL SüD WEST 1718 SG Trier - SK Landau"]
[Site "?"]
[Date "2017.10.08"]
[Round "2.1"]
[White "Lang, Torsten"]
[Black "Barzen, Pascal"]
[Result "1/2-1/2"]
[WhiteElo "2317"]
[BlackElo "2253"]
[PlyCount "133"]
[EventDate "2017.??.??"]

1. e4 c6 2. d4 d5 3. exd5 cxd5 4. Bd3 Nc6 5. c3 Nf6 6. Bf4 Bg4 7. Qb3 Qc8 8.
Nd2 e6 9. Ngf3 Be7 10. O-O O-O 11. Rae1 Bh5 12. Ne5 Nxe5 13. Bxe5 Bg6 14. Bxg6
hxg6 15. Re3 Ng4 16. Rh3 Nxe5 17. dxe5 Qc7 18. Re1 b5 19. Qd1 b4 20. Qe2 Qa5
21. Ra1 bxc3 22. Rxc3 Rfc8 23. Nb3 Qa4 24. Qc2 Rxc3 25. Qxc3 Qa6 26. Rc1 Bg5
27. Qc6 Qxc6 28. Rxc6 Bf4 29. Nc5 Bxe5 30. b4 Rb8 31. a3 Bd4 32. Nb3 Bb2 33.
Ra6 Rc8 34. Nc5 Bd4 35. Rxa7 Bxc5 36. bxc5 Rxc5 37. g3 g5 38. Kg2 e5 39. a4 d4
40. Ra8+ Kh7 41. Rd8 g4 42. h3 gxh3+ 43. Kxh3 Ra5 44. f4 exf4 45. gxf4 Rxa4 46.
Kg4 g6 47. Kg5 Kg7 48. Rd7 Rb4 49. Rd6 f6+ 50. Kg4 Kf7 51. f5 d3+ 52. Kg3 Rb3
53. fxg6+ Kxg6 54. Kf4 Ra3 55. Rd7 Rc3 56. Rd6 Kf7 57. Ke3 Ra3 58. Ke4 Kg6 59.
Kf4 Kg7 60. Ke4 Ra4+ 61. Kxd3 Kg6 62. Ke3 Kg5 63. Kf3 Ra3+ 64. Kf2 Kf5 65. Rd4
Ke5 66. Rc4 f5 67. Rb4 1/2-1/2

[Event "OL SüD WEST 1718 SG Trier - SK Landau"]
[Site "?"]
[Date "2017.10.08"]
[Round "2.2"]
[White "Koch, Hans-Juergen"]
[Black "Muranyi, Karl-Jasmin"]
[Result "0-1"]
[WhiteElo "2278"]
[BlackElo "2330"]
[PlyCount "120"]
[EventDate "2017.??.??"]

1. c4 Nf6 2. g3 c6 3. Nf3 d5 4. Qc2 Bg4 5. Bg2 e6 6. O-O Nbd7 7. b3 Be7 8. Ba3
Bxa3 9. Nxa3 O-O 10. Qb2 a5 11. d3 Re8 12. Ne5 Nxe5 13. Qxe5 Qe7 14. Nc2 Nd7
15. Qe3 Qc5 16. Rfe1 Bh5 17. Qxc5 Nxc5 18. cxd5 exd5 19. Nd4 Ne6 20. Nxe6 fxe6
21. e4 d4 22. e5 Bg6 23. Red1 Ra6 24. Rac1 Rb6 25. Rc4 Rd8 26. f4 Kf8 27. h4
Ke7 28. Kf2 Rb4 29. Bf3 h6 30. Ke2 Be8 31. Rdc1 Rb5 32. Rc5 Rxc5 33. Rxc5 b6
34. Rc1 c5 35. Be4 Bh5+ 36. Kd2 Rg8 37. Rg1 Bg4 38. Bg6 Kd7 39. Kc2 Rf8 40. Rf1
Bf5 41. Bh5 b5 42. Kd2 c4 43. bxc4 bxc4 44. dxc4 Rb8 45. Rd1 Kc6 46. Be2 Kc5
47. Ke1 a4 48. Rd2 Rb1+ 49. Kf2 a3 50. g4 Be4 51. Bf3 Bh7 52. Be2 Rb2 53. Ke1
Bb1 54. Bd3 Bxd3 55. Rxd3 Rxa2 56. f5 Kxc4 57. Rd1 exf5 58. gxf5 d3 59. e6 Re2+
60. Kf1 a2 0-1

[Event "OL SüD WEST 1718 SG Trier - SK Landau"]
[Site "?"]
[Date "2017.10.08"]
[Round "2.3"]
[White "Silber, Henning"]
[Black "Dany, Alexander"]
[Result "1-0"]
[WhiteElo "2301"]
[BlackElo "2129"]
[PlyCount "41"]
[EventDate "2017.??.??"]

1. e4 c5 2. c3 Nf6 3. e5 Nd5 4. Nf3 e6 5. d4 cxd4 6. Bc4 d6 7. cxd4 Nc6 8. exd6
Bxd6 9. O-O O-O 10. Nc3 Nxc3 11. bxc3 b6 12. Qd3 Ne7 13. Ng5 Ng6 14. h4 Be7 15.
Nxh7 Kxh7 16. h5 f5 17. hxg6+ Kxg6 18. Bf4 Kh7 19. Rfe1 Bd6 20. Qh3+ Kg8 21.
Rxe6 1-0

[Event "OL SüD WEST 1718 SG Trier - SK Landau"]
[Site "?"]
[Date "2017.10.08"]
[Round "2.4"]
[White "Carafizi, Vasile"]
[Black "Vogel, Johannes"]
[Result "0-1"]
[WhiteElo "2170"]
[BlackElo "2118"]
[PlyCount "80"]
[EventDate "2017.??.??"]

1. d4 Nf6 2. Nf3 d5 3. Bf4 c5 4. e3 Nc6 5. c3 Qb6 6. b3 Bf5 7. Bd3 Bxd3 8. Qxd3
e6 9. Nbd2 Be7 10. a4 cxd4 11. exd4 Rc8 12. O-O O-O 13. Qb5 Na5 14. Qd3 Ne4 15.
b4 Nxd2 16. Nxd2 Nc4 17. Nxc4 Rxc4 18. Bd2 Rfc8 19. Kh1 Bf6 20. Ra2 Qd6 21. f4
g6 22. Be1 Bg7 23. g4 Qc6 24. Qf3 Qd7 25. Rg1 R8c7 26. f5 e5 27. f6 e4 28. Qf4
Bf8 29. Rg3 Qd6 30. Qf1 R7c6 31. Rf2 Qe6 32. Rf5 Ra6 33. a5 b6 34. Re5 Qc6 35.
Rh3 bxa5 36. g5 axb4 37. Qf4 bxc3 38. Qh4 h5 39. gxh6 Kh7 40. Re7 Qxf6 0-1

[Event "OL SüD WEST 1718 SG Trier - SK Landau"]
[Site "?"]
[Date "2017.10.08"]
[Round "2.5"]
[White "Silber, Gerhard"]
[Black "Braun, Matthias"]
[Result "1/2-1/2"]
[WhiteElo "2231"]
[BlackElo "2152"]
[PlyCount "29"]
[EventDate "2017.??.??"]

1. d4 d5 2. Nc3 Bf5 3. f3 e6 4. e4 Bg6 5. exd5 exd5 6. Qe2+ Ne7 7. Bf4 a6 8.
O-O-O Nbc6 9. h4 h5 10. g3 Bf5 11. Bh3 Bxh3 12. Nxh3 g6 13. g4 Bg7 14. gxh5
Rxh5 15. Bg5 1/2-1/2

[Event "OL SüD WEST 1718 SG Trier - SK Landau"]
[Site "?"]
[Date "2017.10.08"]
[Round "2.6"]
[White "Hein, Ralf"]
[Black "Moeldner, Juergen"]
[Result "0-1"]
[WhiteElo "1927"]
[BlackElo "2195"]
[PlyCount "88"]
[EventDate "2017.??.??"]

1. d4 Nf6 2. c4 g6 3. Nc3 d5 4. e3 Bg7 5. Nf3 O-O 6. Be2 dxc4 7. Bxc4 c5 8. d5
Nbd7 9. e4 Nb6 10. Bb3 c4 11. Bc2 e6 12. d6 Ng4 13. Bg5 f6 14. Bh4 Qd7 15. h3
Nh6 16. a4 a5 17. Qd2 Nf7 18. Rd1 Qc6 19. Nb5 Bd7 20. Nfd4 Qc5 21. Nc7 Qxd6 22.
Ndxe6 Qxd2+ 23. Rxd2 Bxe6 24. Nxe6 Rfc8 25. Nxg7 Kxg7 26. O-O c3 27. bxc3 Rxc3
28. Bd1 Rc4 29. Rb2 Nxa4 30. Bxa4 Rxa4 31. Rb6 g5 32. Bg3 Rxe4 33. Rxb7 a4 34.
Ra1 a3 35. Ra2 Kg6 36. Rb3 Rea4 37. f3 R8a6 38. Bc7 Kf5 39. Kf2 Ke6 40. Rd3 f5
41. Ke1 f4 42. Rc3 Kd7 43. Kd1 Rc6 44. Rd2+ Kxc7 0-1

[Event "OL SüD WEST 1718 SG Trier - SK Landau"]
[Site "?"]
[Date "2017.10.08"]
[Round "2.7"]
[White "Koehler, Patrick"]
[Black "Scholtes, Benedikt"]
[Result "1-0"]
[WhiteElo "2096"]
[BlackElo "2060"]
[PlyCount "69"]
[EventDate "2017.??.??"]

1. d4 f5 2. Bg5 g6 3. c3 Bg7 4. e3 Nf6 5. Qb3 d5 6. Bxf6 Bxf6 7. f4 e6 8. Nd2
O-O 9. Nh3 b6 10. Nf2 c5 11. Nf3 Nc6 12. g4 Na5 13. Qc2 Nc4 14. Bxc4 dxc4 15.
O-O-O Bb7 16. Qe2 Qc7 17. Rhg1 Rad8 18. gxf5 exf5 19. Ne5 Bxe5 20. fxe5 b5 21.
h4 Qc6 22. Nh3 Qf3 23. Qxf3 Bxf3 24. Rdf1 Bg4 25. Nf4 Rfe8 26. Rf2 a5 27. Rd2
Kf7 28. e4 cxd4 29. cxd4 b4 30. e6+ Kg7 31. e5 Bf3 32. d5 c3 33. Rd4 cxb2+ 34.
Kxb2 Bxd5 35. Rgd1 1-0

[Event "OL SüD WEST 1718 SG Trier - SK Landau"]
[Site "?"]
[Date "2017.10.08"]
[Round "2.8"]
[White "Sanati, Charlotte"]
[Black "Schatz, Dieter"]
[Result "1/2-1/2"]
[WhiteElo "2098"]
[BlackElo "2140"]
[PlyCount "62"]
[EventDate "2017.??.??"]

1. d4 e6 2. c4 Bb4+ 3. Nc3 Nf6 4. Qc2 d5 5. cxd5 exd5 6. Bg5 c6 7. e3 Bg4 8.
Bd3 Nbd7 9. Nge2 Bxe2 10. Qxe2 Qa5 11. O-O Bxc3 12. bxc3 Ne4 13. Bxe4 dxe4 14.
Qg4 f5 15. Qh5+ g6 16. Qh6 Qa3 17. Rab1 b6 18. f3 exf3 19. Rxf3 Qf8 20. Qxf8+
Rxf8 21. e4 fxe4 22. Re3 Rf7 23. Rxe4+ Kf8 24. Re6 Rc8 25. Rbe1 Kg7 26. Rf1
Rxf1+ 27. Kxf1 Rf8+ 28. Ke2 c5 29. Re7+ Rf7 30. Bh6+ Kf6 31. Bg5+ Kg7 1/2-1/2

[Event "OL SüD WEST 1718 SK Altenkirchen - SV W"]
[Site "?"]
[Date "2017.10.08"]
[Round "2.1"]
[White "Ollenberger, Roland"]
[Black "Bruehl, Andreas"]
[Result "1-0"]
[WhiteElo "2284"]
[BlackElo "2359"]
[PlyCount "77"]
[EventDate "2017.??.??"]

1. e4 e5 2. Nf3 Nc6 3. Bb5 Nf6 4. Nc3 Bb4 5. O-O O-O 6. d3 d6 7. Bxc6 bxc6 8.
Ne2 Bc5 9. Ng3 Bb6 10. Qe2 h6 11. h3 Kh7 12. c4 Qe7 13. Bd2 g6 14. Bc3 Bd7 15.
b4 c5 16. b5 a6 17. a4 axb5 18. axb5 c6 19. bxc6 Bxc6 20. Nh2 Rxa1 21. Bxa1 Ra8
22. Qb2 Nd7 23. f4 Bd8 24. Nf3 f6 25. f5 g5 26. h4 Nb8 27. Qd2 Be8 28. hxg5
hxg5 29. Qe2 Nc6 30. Nh2 Qb7 31. Qg4 Qb3 32. Qh3+ Kg8 33. Nh5 Qb7 34. Ng4 Bxh5
35. Qxh5 Qe7 36. Kf2 Ra2+ 37. Kg3 Rxa1 38. Rxa1 Nd4 39. Rh1 1-0

[Event "OL SüD WEST 1718 SK Altenkirchen - SV W"]
[Site "?"]
[Date "2017.10.08"]
[Round "2.2"]
[White "Heidorn, Oliver"]
[Black "Dausch, Rene"]
[Result "1-0"]
[WhiteElo "2113"]
[BlackElo "2289"]
[PlyCount "111"]
[EventDate "2017.??.??"]

1. d4 Nf6 2. c4 c5 3. d5 b5 4. cxb5 a6 5. b6 d6 6. Nc3 g6 7. Nf3 Bg7 8. Nd2
Nbd7 9. g3 Nxb6 10. Bg2 O-O 11. O-O a5 12. Rb1 Nfd7 13. Qc2 Ba6 14. Re1 a4 15.
b3 axb3 16. axb3 Qc7 17. Bb2 Rfb8 18. h3 Qa7 19. Ra1 Qb7 20. Reb1 Ra7 21. Ra2
Rba8 22. Rba1 Qb8 23. Kh2 Bb7 24. Rxa7 Rxa7 25. Rxa7 Qxa7 26. f4 Qa5 27. e4 Ba6
28. Bf3 h5 29. Nd1 Bxb2 30. Qxb2 Qb4 31. Qc3 Qxc3 32. Nxc3 Kg7 33. Kg2 Bd3 34.
g4 hxg4 35. hxg4 f5 36. exf5 gxf5 37. g5 Nb8 38. Na4 Nxa4 39. bxa4 Na6 40. Kf2
Nb4 41. Ke3 Ba6 42. Nb1 Bc4 43. Nc3 e6 44. dxe6 Bxe6 45. Bb7 d5 46. Ne2 d4+ 47.
Nxd4 cxd4+ 48. Kxd4 Bd7 49. a5 Bc6 50. Kc5 Bxb7 51. Kxb4 Kg6 52. Kb5 Kh5 53. a6
Bd5 54. a7 Kg4 55. Kc5 Be4 56. g6 1-0

[Event "OL SüD WEST 1718 SK Altenkirchen - SV W"]
[Site "?"]
[Date "2017.10.08"]
[Round "2.3"]
[White "Steinkohl, Thomas"]
[Black "Telke, Holger"]
[Result "1-0"]
[WhiteElo "2193"]
[BlackElo "2103"]
[PlyCount "105"]
[EventDate "2017.??.??"]

1. e4 e6 2. d4 d5 3. Nc3 Nf6 4. e5 Nfd7 5. f4 c5 6. Nf3 Nc6 7. Be3 cxd4 8. Nxd4
Nxd4 9. Bxd4 Bc5 10. Qd2 Bxd4 11. Qxd4 O-O 12. O-O-O f6 13. Nxd5 fxe5 14. fxe5
Qg5+ 15. Qe3 Qxe3+ 16. Nxe3 Nxe5 17. Be2 a6 18. Rhe1 b5 19. Ng4 Nxg4 20. Bxg4
Ra7 21. Rd6 Re7 22. a4 Rf4 23. Rd8+ Kf7 24. Bh5+ g6 25. Rxc8 gxh5 26. axb5 axb5
27. Rc5 b4 28. Rxh5 Kg6 29. Rhe5 Kf6 30. R5e4 Kf5 31. Re5+ Kf6 32. g3 Rf2 33.
R5e2 Rf5 34. Re4 Rf2 35. R1e2 Rf1+ 36. Kd2 Rd7+ 37. Ke3 Rb7 38. Kd4 Rd1+ 39.
Kc5 Rd5+ 40. Kc4 Rb6 41. Kb3 Rdb5 42. Rh4 h5 43. Ree4 e5 44. Rxh5 Rb8 45. g4
Rc8 46. h4 Rbc5 47. Rf5+ Kg6 48. Rfxe5 Rxc2 49. Re6+ Kf7 50. Re7+ Kf8 51. Re8+
Kf7 52. Rxc8 Rxc8 53. Kxb4 1-0

[Event "OL SüD WEST 1718 SK Altenkirchen - SV W"]
[Site "?"]
[Date "2017.10.08"]
[Round "2.4"]
[White "Kaster, Martin"]
[Black "Helbig, Daniel"]
[Result "0-1"]
[WhiteElo "2094"]
[BlackElo "2163"]
[PlyCount "96"]
[EventDate "2017.??.??"]

1. Nf3 Nf6 2. c4 g6 3. g3 Bg7 4. Bg2 O-O 5. O-O d6 6. Nc3 e5 7. d3 Re8 8. Ne1
c6 9. e4 Nbd7 10. Nc2 Nf8 11. Ne3 Ne6 12. Ne2 Nd4 13. Nxd4 exd4 14. Nc2 d5 15.
cxd5 cxd5 16. Re1 dxe4 17. dxe4 d3 18. Nb4 Qd4 19. Nxd3 Rd8 20. Bf1 Bg4 21. Qb3
Be6 22. Qb4 Qxb4 23. Nxb4 Rd4 24. Nd3 Bc4 25. Nc5 Bxf1 26. Be3 Rc4 27. Kxf1 b6
28. Nd3 Nxe4 29. Rac1 Rac8 30. Rxc4 Rxc4 31. Rc1 Rxc1+ 32. Bxc1 f5 33. Bf4 Kf7
34. f3 Nf6 35. Bb8 a6 36. Be5 Bf8 37. Ke2 Nd5 38. Bd4 Ke6 39. Kd2 Bd6 40. Ke2
g5 41. Bf2 Bc7 42. Bd4 h5 43. Bf2 a5 44. a4 Bd8 45. b3 Bf6 46. Kd2 Kd6 47. Kc2
Kc6 48. Nb2 Nb4+ 0-1

[Event "OL SüD WEST 1718 SK Altenkirchen - SV W"]
[Site "?"]
[Date "2017.10.08"]
[Round "2.5"]
[White "Dauenheimer, Torsten"]
[Black "Hoffmann, Thomas"]
[Result "1/2-1/2"]
[WhiteElo "2213"]
[BlackElo "2032"]
[PlyCount "28"]
[EventDate "2017.??.??"]

1. d4 Nf6 2. Bg5 d5 3. Bxf6 exf6 4. e3 Be6 5. Nd2 Nd7 6. Bd3 Bd6 7. Ne2 O-O 8.
c4 dxc4 9. Bxc4 Bxc4 10. Nxc4 Bb4+ 11. Nc3 b5 12. Nd2 c5 13. O-O cxd4 14. exd4
a6 1/2-1/2

[Event "OL SüD WEST 1718 SK Altenkirchen - SV W"]
[Site "?"]
[Date "2017.10.08"]
[Round "2.7"]
[White "Schluchter, Steffen"]
[Black "Hahmann, Markus"]
[Result "1-0"]
[WhiteElo "2126"]
[BlackElo "1844"]
[PlyCount "63"]
[EventDate "2017.??.??"]

1. d4 Nf6 2. Nf3 d5 3. c4 e6 4. Bg5 Nbd7 5. e3 c6 6. Nc3 Qa5 7. Nd2 Bb4 8. Qc2
O-O 9. Bh4 Re8 10. Bd3 dxc4 11. Nxc4 Qh5 12. Bg3 b5 13. Nd2 e5 14. O-O exd4 15.
exd4 Bb7 16. Nde4 a6 17. a3 Bf8 18. b4 Re6 19. Nc5 Nxc5 20. dxc5 Rae8 21. Bf5
Re5 22. Bxe5 Rxe5 23. Bh3 g5 24. f3 Qh4 25. Rad1 g4 26. Bxg4 Nxg4 27. fxg4 Qxg4
28. Rd3 Bg7 29. Rd8+ Bf8 30. Rf3 Re1+ 31. Kf2 Qh4+ 32. Rg3+ 1-0

[Event "OL SüD WEST 1718 SK Altenkirchen - SV W"]
[Site "?"]
[Date "2017.10.08"]
[Round "2.8"]
[White "Hertlein, Alexander"]
[Black "Tchilingiri, Vladimir"]
[Result "0-1"]
[WhiteElo "1777"]
[BlackElo "1964"]
[PlyCount "46"]
[EventDate "2017.??.??"]

1. d4 d5 2. Nf3 Nf6 3. Bf4 e6 4. e3 b6 5. Bd3 Be7 6. O-O O-O 7. Nbd2 Ba6 8.
Bxa6 Nxa6 9. Qe2 Nb8 10. Ne5 Nfd7 11. Ndf3 f6 12. Nxd7 Nxd7 13. e4 Rf7 14. c4
g5 15. Bd2 Nf8 16. h3 h5 17. Nh2 dxe4 18. Qxe4 f5 19. Qd3 e5 20. d5 Bd6 21. g4
hxg4 22. hxg4 e4 23. Qd4 Rh7 0-1

[Event "OL SüD WEST 1718 SG Turm Illingen - Hei"]
[Site "?"]
[Date "2017.10.08"]
[Round "2.1"]
[White "Winterberg, Lukas"]
[Black "Mayer, Frank"]
[Result "1-0"]
[WhiteElo "2375"]
[BlackElo "2311"]
[PlyCount "86"]
[EventDate "2017.??.??"]

1. d4 f5 2. Bf4 Nf6 3. e3 d6 4. Nc3 Nc6 5. Be2 e5 6. dxe5 Nxe5 7. Nf3 Nxf3+ 8.
Bxf3 c6 9. e4 fxe4 10. Nxe4 Nxe4 11. Bxe4 Qf6 12. Bg3 d5 13. Bd3 Bc5 14. O-O
O-O 15. c4 Bf5 16. Bxf5 Qxf5 17. cxd5 cxd5 18. Qb3 Rf7 19. Rad1 Rd8 20. Kh1
Rfd7 21. Rfe1 Be7 22. Be5 Bf6 23. Bxf6 Qxf6 24. Re2 h6 25. h3 Kh8 26. Qa4 a6
27. Rd4 Re7 28. Rxe7 Qxe7 29. Qd1 Qe5 30. Kg1 Re8 31. Qd2 Rd8 32. g3 Rd6 33.
Kg2 Kg8 34. b3 b5 35. Qd3 Qe6 36. a4 bxa4 37. bxa4 Qe5 38. a5 Rd8 39. h4 Qd6
40. Rg4 d4 41. Kg1 Qe5 42. Kh2 Qb5 43. Qd2 d3 1-0

[Event "OL SüD WEST 1718 SG Turm Illingen - Hei"]
[Site "?"]
[Date "2017.10.08"]
[Round "2.2"]
[White "Klein, Joachim"]
[Black "Boidman, Yuri"]
[Result "1/2-1/2"]
[WhiteElo "2162"]
[BlackElo "2343"]
[PlyCount "65"]
[EventDate "2017.??.??"]

1. e4 c5 2. Nf3 a6 3. c3 d5 4. exd5 Qxd5 5. d4 e6 6. Be3 cxd4 7. cxd4 Nf6 8.
Nc3 Qd6 9. Rc1 Nbd7 10. Be2 b5 11. Nd2 Bb7 12. Bxb5 axb5 13. Nxb5 Qb4 14. Nc7+
Kd8 15. a3 Qa4 16. Nxa8 Qxa8 17. Nf3 Bd6 18. O-O Ke7 19. Bg5 Rb8 20. Rc3 Bxf3
21. Rxf3 Rxb2 22. Qc1 Rb5 23. Bf4 Bxf4 24. Qxf4 Rf5 25. Qg3 Rxf3 26. Qxf3 Qxf3
27. gxf3 Nb6 28. Ra1 Na4 29. Kf1 Nd5 30. Ke2 Kd6 31. Kd3 Ndb6 32. Rb1 Kd5 33.
Rb4 1/2-1/2

[Event "OL SüD WEST 1718 SG Turm Illingen - Hei"]
[Site "?"]
[Date "2017.10.08"]
[Round "2.3"]
[White "Schulz, Klaus-Juergen"]
[Black "Giese, Tilman"]
[Result "1-0"]
[WhiteElo "2337"]
[BlackElo "2032"]
[PlyCount "139"]
[EventDate "2017.??.??"]

1. d4 d5 2. c4 c6 3. Nf3 Nf6 4. Nc3 g6 5. cxd5 cxd5 6. g3 Bg7 7. Bg2 O-O 8. O-O
Nc6 9. Ne5 e6 10. Nxc6 bxc6 11. Na4 Nd7 12. Bf4 e5 13. dxe5 Nxe5 14. Rc1 Qa5
15. b3 Bb7 16. Nc5 Qb5 17. a4 Qb4 18. Qe1 Qxe1 19. Rfxe1 Rfb8 20. e4 d4 21.
Bxe5 Bxe5 22. Nd7 Re8 23. Nxe5 Rxe5 24. Red1 Rd8 25. Rc4 c5 26. f4 Re6 27. e5
Bxg2 28. Kxg2 Rb6 29. Rd3 Rc8 30. Kf3 f5 31. Ke2 Rbc6 32. b4 cxb4 33. Rxb4 Rc1
34. Rbxd4 R8c7 35. Rd8+ Kf7 36. R8d7+ Ke8 37. Rd8+ Ke7 38. Rh8 R1c2+ 39. Rd2
Ke6 40. Re8+ Kf7 41. Rh8 Ke6 42. h4 Rxd2+ 43. Kxd2 Rc4 44. Rxh7 Rxa4 45. Rg7
Kd5 46. Rxg6 Ke4 47. e6 Kd5 48. Rf6 Ra2+ 49. Ke3 Ra3+ 50. Kf2 Ra2+ 51. Kf3 Ra3+
52. Kg2 Kd6 53. h5 Ra5 54. h6 Ke7 55. h7 Ra2+ 56. Kh3 Ra1 57. Rxf5 Rh1+ 58. Kg4
Rxh7 59. Re5 Rh6 60. f5 Rh8 61. Kf4 Rb8 62. g4 a6 63. g5 Rb4+ 64. Ke3 Rg4 65.
f6+ Ke8 66. Kf3 Rg1 67. Kf4 Rg2 68. Kf5 Rf2+ 69. Kg6 Rg2 70. Kg7 1-0